| LEADER 00000nam 2200000uu 4500 |
| 001 13399108290 |
| 003 ULIB |
| 008 110126s2551||||th 000 0 tha d |
| 020 ^a9749085876
|
| 060 04 ^aWG340^bป411ล 2551
|
| 100 0 ^aประสาร เปรมะสกุล
|
| 245 10 ^aลดความดันเลือด ด้วยตัวเอง /^cประสาร เปรมะสกุล
|
| 250 ^aพิมพ์ครั้งที่ 9
|
| 260 ^aกรุงเทพฯ :^bอมรินทร์บุ๊คเซ็นเตอร์,^c2551
|
| 300 ^a 356 หน้า :^bภาพประกอบ
|
| 520 ^aหนังสือเล่มนี้เสนอเนื้อหาธรรมชาติของร่างกาย ธรรมชาติของหลอดเลือด สาเหตุของความดันเลือดสูง ภาวะผนังหลอดเลือดแดงแข็ง ภาวะหลอดเลือดแดงแคบ ภาวะกระแสเลือดไหลเวียนด้วยความยากลำบาก การวัดความดัน ความดันเลือดสูงและการใช้ยา การลดความดันเลือดสูงด้วยวิธีการต่างๆ
|
| 650 7 ^aความดันเลือดสูง
|
| 999 ^aสุณิสา
|